Obálka Náhled e-knihy:
PDF Epub
Pro půjčování e-knih musíte být přihlášeni.
Jak si půjčit online?

Nejznámější světové pohádky /

Andrew Lang   (1844 - 1912) byl skotský básník, spisovatel, literární kritik a přispěvatel do oblasti antropologie. Je znám především jako sběratel lidových a pohádkových příběhů. V druhém dílu naleznete další oblíbené pohádkové příběhy, kde hlavní úlohu hrají pri...

Celý popis

Uloženo v:
Série:Nejznámější světové pohádky, část 2
Hlavní autor: Lang, Andrew (Autor)
Médium: E-kniha
Jazyk:Czech
Vydáno: Praha : Splendidum družstvo, 2024
Příbuzné jednotky:Z cyklu:: Nejznámější světové pohádky
Tagy:
Žádné tagy
LEADER 01497nam a22002417i 4500
001 312307
007 ta
008 260601s2024 xr ||||| |||| 00| 0 cze d
020 |a 9990003998095 
044 |a xr 
100 1 |a  Lang, Andrew  |4 aut 
245 1 0 |a Nejznámější světové pohádky /  |c  Lang, Andrew 
240 1 0 |a The Blue Fairy Book 
264 1 |a Praha :  |b Splendidum družstvo,  |c 2024 
300 |a 1 online zdroj (188 stran) 
336 |a text  |b txt  |2 rdacontent 
337 |a bez média  |b n  |2 rdamedia 
338 |a online zdroj  |b cr  |2 rdacarrier 
520 2 |a Andrew Lang   (1844 - 1912) byl skotský básník, spisovatel, literární kritik a přispěvatel do oblasti antropologie. Je znám především jako sběratel lidových a pohádkových příběhů. V druhém dílu naleznete další oblíbené pohádkové příběhy, kde hlavní úlohu hrají princezny, princové, různorodé pohádkové bytosti a chudí prosťáčci.      
787 0 8 |g 2  |i Z cyklu:  |t Nejznámější světové pohádky 
910 |a RBIT002 
998 |d 399809  |a https://core.palmknihy.cz/api/books/399809/cover?s9tjdu  |b https://core.palmknihy.cz/api/books/399809/cover/400?s9tjdu  |c https://core.palmknihy.cz/api/books/399809/cover/50?s9tjdu  |e   |g 188  |i 9990003998095  |j https://core.palmknihy.cz/api/books/399809/preview.epub  |k https://core.palmknihy.cz/api/books/399809/preview.pdf  |l   |q 49  |r 1  |s https://www.palmknihy.cz/kniha/399809  |t ebook  |y 2024  |z 1  |v Nejznámější světové pohádky  |w 2 
999 |d 312305